|
|
|
|
| LEADER |
00964nab a2200253 i 4500 |
| 001 |
misc66029 |
| 005 |
20240919153742.0 |
| 008 |
240209s1944 hu o 000 ger d |
| 040 |
|
|
|a SZTE Miscellanea Repozitórium
|b hun
|
| 041 |
|
|
|a ger
|
| 041 |
|
|
|a fin
|
| 100 |
1 |
|
|a Toivonen Yrjö Henrik
|
| 245 |
1 |
0 |
|a Lauri Hakulinen, Suomen kielen rakenne ja kehitys. 1. osa, Äänne- ja muoto-oppia. Helsinki
|h [elektronikus dokumentum] :
|b Otava, 1941 : [Buchbesprechung] /
|c Toivonen Yrjö Henrik
|
| 260 |
|
|
|a Suomalaisen Kirjallisuuden Seuran Kirjapainon Oy.
|b [Helsinki]
|c 1944
|
| 300 |
|
|
|a 200-211
|c 22 cm
|
| 300 |
|
|
|a [12] p.
|c 22 cm
|
| 490 |
0 |
|
|a Finnisch-ugrischen Forschungen
|
| 561 |
|
|
|a Németh Gyula hagyaték
|
| 591 |
|
|
|a NOU 6119
|
| 650 |
|
4 |
|a Bölcsészettudományok
|
| 650 |
|
4 |
|a Nyelvek és irodalom
|
| 695 |
|
|
|a Finn nyelv - könyvismertetés
|
| 700 |
0 |
1 |
|a Hakulinen Lauri
|
| 856 |
4 |
0 |
|u http://misc.bibl.u-szeged.hu/66029/1/6119_noa.pdf
|z Dokumentum-elérés
|